| 000 | 00725nam a2200241 a 4500 | ||
|---|---|---|---|
| 001 | 2087 | ||
| 003 | BDjRUL | ||
| 005 | 20211208233459.0 | ||
| 008 | 131210s2000 ii b 001 0 eng d | ||
| 020 | _a8176291773 | ||
| 035 | _a(BD-RjUL)2114 | ||
| 040 |
_aBD-RjUL _beng _cBD-RjUL |
||
| 041 | _aeng | ||
| 082 |
_220 _a323 _bSHH |
||
| 100 | 1 |
_aSharma, Gokulesh, _d1958- _96839 |
|
| 245 | 1 | 0 |
_aHuman rights and legal remedies / _cGokulesh Sharma ; foreword by Ranganath Misra. |
| 260 |
_aNew Delhi : _bDeep & Deep Publications, _cc2000. |
||
| 300 |
_axvi, 808 p. ; _c23 cm. |
||
| 504 | _aIncludes bibliographical references and index. | ||
| 650 | 0 |
_aHuman rights _96840 |
|
| 650 | 0 |
_aHuman rights _zIndia _96841 |
|
| 942 |
_2ddc _cBK |
||
| 999 |
_c2087 _d2087 |
||